| 000 | 02061nam0a2200325 4500 | ||
|---|---|---|---|
| 001 | RU\NLR\bibl\1256020 | ||
| 005 | 20260408070734.0 | ||
| 021 |
_aRU _b2008-42147 _92331 |
||
| 035 | _a(NLR Aleph) 001242056 | ||
| 090 |
_a265172 _c265172 |
||
| 100 | _a20080725d2007 |||y0rusy50 ca | ||
| 101 | 0 | _arus | |
| 102 | _aRU | ||
| 105 | _ay ||||||||| | ||
| 200 | 1 |
_aОрганизация работы по антитеррористической защищенности образовательного учреждения _eучебно-практическое пособие _fДепартамент образования г. Москвы, Гос. образоват. учреждение высш. проф. образования Моск. ин-т открытого образования _g[Пилипенко В.Ф., Гаврилов М.А.] _gотв. ред. Е.С. Кушель |
|
| 210 |
_aМосква _cШкольная книга _d2007 |
||
| 215 |
_a86 с. _d29 |
||
| 225 | 1 |
_aСерия: Библиотечка заместителя руководителя образовательного учреждения по обеспечению безопасности _v[вып.] 2 |
|
| 320 | _aНорм. акты и лит.: с. 48-52 | ||
| 320 | _aУказ. терминов: с. 81-84 | ||
| 606 | 1 |
_aОбразовательные учреждения _jПрактические пособия _xБезопасность _92429037 _3RU\NLR\auth\661445958 |
|
| 686 | _aЧ34(2Р)к.я7 | ||
| 702 | 1 |
_4340 _8rus _7ca _aКушель _bЕ. С. _f1954- _gЕвгений Семенович _3RU\NLR\auth\7768884 _951812 |
|
| 702 | 1 |
_4220 _8rus _7ca _aПилипенко _bВ. Ф. _gВладимир Федосьевич _3RU\NLR\auth\7768883 _951811 |
|
| 712 | 0 | 2 |
_4570 _aМосковский институт открытого образования _3RU\NLR\AUTH\8810046834 _9593333 |
| 801 | 0 |
_aRU _bNLR _c20080725 _gRCR |
|
| 801 | 1 |
_aRU _bNLR _c20080725 |
|
| 942 | _cBOOK | ||
| 980 | _aNB | ||